El espacio urbano /
Propuesta educativa para el acercamiento de los docentes y alumnos de enseñanza secundaria a algunos de los aspectos más relevantes del fenómeno urbano. Los autores diseñan y plantean una serie de actividades para el aula, acerca de un objeto de estudio situado en el marco curricular dentro de la ge...
Guardado en:
| Hovedforfatter: | |
|---|---|
| Andre forfattere: | |
| Format: | Bog |
| Sprog: | spansk |
| Udgivet: |
Madrid, España :
Síntesis,
2000, c2000
|
| Serier: | (Didáctica de las Ciencias Sociales ;
1) |
| Fag: | |
| Tags: |
Ingen Tags, Vær først til at tagge denne postø!
|
MARC
| LEADER | 00000nam^a2200000^a^4500 | ||
|---|---|---|---|
| 001 | 000125321 | ||
| 005 | 20250521000000.0 | ||
| 009 | 20260310094646.87 | ||
| 020 | |a 84-7738-721-4 | ||
| 037 | |a Acervo ITESO - Biblioteca | ||
| 041 | |a ESP | ||
| 082 | |a 711. 07 |b ROD | ||
| 100 | |a Rodrigo, Pilar |e (autor) | ||
| 245 | 1 | 3 | |a El espacio urbano / |c P. Rodrigo, A. Rodrigo. |
| 264 | 4 | |a Madrid, España : |b Síntesis, |c 2000, c2000 | |
| 300 | |a 255 p. | ||
| 336 | |a texto |b txt |2 rdacontenido | ||
| 337 | |a sin mediación |b n |2 rdamedio | ||
| 338 | |a volumen |b nc |2 rdasoporte | ||
| 440 | 1 | |a (Didáctica de las Ciencias Sociales ; |v 1) | |
| 520 | |a Propuesta educativa para el acercamiento de los docentes y alumnos de enseñanza secundaria a algunos de los aspectos más relevantes del fenómeno urbano. Los autores diseñan y plantean una serie de actividades para el aula, acerca de un objeto de estudio situado en el marco curricular dentro de la geografía humana, pero que atraviesa la demografía, la sociología urbana y el urbanismo. | ||
| 649 | |a XX | ||
| 650 | |a Zonas Urbanas | ||
| 650 | |a Demografía - |x Estudio y Enseñanza | ||
| 650 | |a Urbanismo - |x Estudio y Enseñanza | ||
| 650 | |a Sociología Urbana - |x Estudio y Enseñanza | ||
| 650 | |a Geografía Humana - |x Estudio y Enseñanza | ||
| 650 | |a Didáctica | ||
| 650 | |a Proceso Educativo | ||
| 650 | |a Educación Media | ||
| 700 | |a Rodrigo, Antonio |e (autor) | ||
| 910 | |a Fondo General | ||
| 920 | |a Impresos - Libros | ||
| 930 | |a Colección General | ||
| 905 | |a 101 | ||
| 901 | |a 0500058205 |b IT1 |c ACC |u 20250521 | ||
| 902 | |a https://opac.biblio.iteso.mx/vufind/Record/000125321 | ||